000 00290nam a2200121Ia 4500
005 20251222144755.0
008 251222s9999||||xx |||||||||||||| ||spa||
082 _a530.11/E34P
100 _aEinsten, Albert
245 0 _aPenseire di un Uomo Curioso
264 _bEdizione CDE
942 _cLIB
999 _c19485
_d19485